00270nam a2200121Ia 4500008004100000100002100041245001800062260002600080300000800106650001000114942000700124999001700131190216s9999||||xx |||||||||||||| ||und|| aMohana Varma K L 0aYruthu Sandhi bPoorna Pubs Kozhikode a149 aNovel cBK c27396d27396